| 000 | 00604nam a2200169 4500 | ||
|---|---|---|---|
| 005 | 20260410220435.0 | ||
| 008 | - | ||
| 020 | _aISBN 978-956-9725-04-3 | ||
| 040 |
_aBiblioteca LadoV Teorética _cBiblioteca LadoV Teorética |
||
| 082 | 0 | 4 |
_a371.713.8 _bC387p |
| 100 | 1 |
_aCea Madrid, Juan Carlos, _d1988 - |
|
| 245 | 1 | 0 |
_aPor el derecho a la locura : _bLa reinvención de la salud mental en América Latina / _c por Juan Carlos Cea Madrid |
| 260 | 1 |
_aChile : _bProyección, _c2019 |
|
| 300 |
_a176 páginas : _bimágenes en blanco y negro ; _c19.7 x 13 cm. |
||
| 650 | 4 | _aSALUD MENTAL | |
| 942 |
_2ddc _c1 _n0 |
||
| 999 |
_c4634 _d4634 |
||